Egeo - An advanced course for students of geography
Kaydedildi:
| Yazar: | |
|---|---|
| Materyal Türü: | Kitap |
| Baskı/Yayın Bilgisi: |
H. Đại Học Sư Phạm
2009
|
| Etiketler: |
Etiketle
Etiket eklenmemiş, İlk siz ekleyin!
|
| Thư viện lưu trữ: | Trung tâm Học liệu Lê Vũ Hùng, Trường Đại học Đồng Tháp |
|---|
| LEADER | 00618aam a22001578a 4500 | ||
|---|---|---|---|
| 001 | 00029184 | ||
| 005 | 20171026081022.0 | ||
| 008 | 120514s ||||||Engsd | ||
| 041 | 0 | # | |a Eng - vie |
| 100 | 0 | # | |a Lam Thi Hoa Binh |
| 245 | 0 | 0 | |a Egeo - An advanced course for students of geography |c Lam Thi Hoa Binh |
| 260 | # | # | |a H. |a Đại Học Sư Phạm |b 2009 |
| 774 | |a Lam Thi Hoa Binh |d H. |d Đại Học Sư Phạm |d 2007 |g P.1 |w 29205 | ||
| 774 | |a Lam Thi Hoa Binh |d H. |d Đại Học Sư Phạm |d 2009 |g P.2 |w 29185 | ||
| 910 | |d 14/05/2012 | ||
| 980 | # | # | |a Trung tâm Học liệu Lê Vũ Hùng, Trường Đại học Đồng Tháp |